| 000 | 01166nam a22002417a 4500 | ||
|---|---|---|---|
| 008 | 100622t xxu||||| |||| 00| 0 eng d | ||
| 082 |
_222 _bأ ر م _a551.46 |
||
| 100 | 1 |
_915063 _aأرمسترونج، إدوارد فرانكلند |
|
| 245 |
_aخامات من البحر / _cتأليف إدوارد فرانكلند أرمسترونج، ل. ماكنزي ميال؛ ترجمة حسن خالد الشامي؛ راجعه عبد الفتاح اسماعيل. |
||
| 260 |
_aالقاهرة : _bمؤسسة سجل العرب ، _c1956. |
||
| 300 |
_a234 ص : _c24 سم. |
||
| 490 |
_914984 _aالألف كتاب _v؛ 556 |
||
| 500 | _aترجمة كتاب "Raw Materials from the Sea" تاليف "E. Frankland Armstrong & L. Mackenzie Miall" | ||
| 650 | 0 |
_915282 _aمياه البحر |
|
| 700 | 1 |
_915063 _aأرمسترونج، إدوارد فرانكلند |
|
| 700 | 1 |
_915067 _aميال، ل. ماكنزي |
|
| 700 | 1 |
_915069 _aالشامي، حسن خالد |
|
| 700 | 1 |
_915071 _aاسماعيل، عبد الفتاح |
|
| 942 |
_2ddc _cBB _hRDA-MOD |
||
| 999 |
_c14168 _d14168 |
||
| 336 |
_2rdacontent _atext _btxt |
||
| 337 |
_aunmediated _2rdamedia _bn |
||
| 338 |
_avolume _bnc _2rdacarrier |
||